Statistics for Most extreme cities of the world

Click here to take the quiz!

General Stats

  • This quiz has been taken 17 times
  • The average score is 2 of 7

Answer Stats

Answer% Correct
WindiestWellington
69%
Most IsolatedPerth
38%
ColdestYakutsk
31%
HottestKuwait City
25%
DriestAswan
13%
WettestBuenaventura
13%
Highest(Altitude)El Alto
6%

Score Distribution

Percentile by Number Answered

Percent of People with Each Score

Your Score History

You have not taken this quiz